[Event "Obera op"]
[Site "Obera"]
[Date "2023.02.03"]
[Round "1"]
[White "Parrilla, Juan Jose"]
[Black "Detke, Gustavo Ruben"]
[Result "1-0"]
[WhiteElo "1675"]
[BlackElo "1001"]
[PlyCount "61"]
[EventDate "2023.02.03"]
[EventType "swiss"]
[EventRounds "6"]
[EventCountry "ARG"]
[SourceTitle "CBM 212 Extra"]
[Source "ChessBase"]
[SourceDate "2023.03.31"]
[SourceVersion "1"]
[SourceVersionDate "2023.03.31"]
[SourceQuality "1"]

1. e4 e5 2. Nf3 Nc6 3. d4 exd4 4. Nxd4 Nf6 5. Nc3 Bb4 6. Nxc6 bxc6 7. Bd3 0-0 8. 0-0 Re8 9. Re1 d5 10. exd5 Rxe1+ 11. Qxe1 cxd5 12. a3 Ba5 13. b4 Bb6 14. Bg5 Be6 15. Rd1 h6 16. Bh4 c6 17. Na4 Bd7 18. h3 a5 19. Nxb6 Qxb6 20. Bxf6 gxf6 21. Qe7 Qd8 22. Qe3 Kg7 23. Qg3+ Kf8 24. Re1 axb4 25. axb4 f5 26. Qd6+ Kg7 27. Re3 Kh7 28. Re7 Be6 29. Qxe6 Ra1+ 30. Kh2 Qg8 31. Rxf7+ 1-0

[Event "Posadas op"]
[Site "Posadas"]
[Date "2022.10.29"]
[Round "1"]
[White "Amarilla Ettiene, Ezequiel"]
[Black "Detke, Gustavo Ruben"]
[Result "1-0"]
[WhiteElo "1588"]
[BlackElo "1007"]
[PlyCount "35"]
[EventDate "2022.10.29"]
[EventType "swiss"]
[EventRounds "6"]
[EventCountry "ARG"]
[SourceTitle "EXT 2024"]
[Source "ChessBase"]
[SourceDate "2023.10.10"]
[SourceVersion "1"]
[SourceVersionDate "2023.10.10"]
[SourceQuality "1"]

1. e4 e5 2. Nf3 Nc6 3. d4 exd4 4. Nxd4 Nxd4 5. Qxd4 d6 6. Bc4 Nf6 7. Bg5 Be7 8. Nc3 0-0 9. 0-0-0 Be6 10. f4 d5 11. exd5 c5 12. Qe5 Bg4 13. d6 Bxd1 14. dxe7 Qd4 15. Qxd4 cxd4 16. exf8Q+ Rxf8 17. Bxf6 gxf6 18. Nd5 1-0